Nghe ngay nghe hay Cuốn sách hướng dẫn cách chăm sóc tai và bảo vệ sức nghe của tai

में बचाया:
ग्रंथसूची विवरण
अन्य लेखक: Brouillette, Ronald, Martinez, Norberto, Trần, Tố Dzung, Võ, Quang Phúc
स्वरूप: पुस्तक
भाषा:Vietnamese
प्रकाशित: Hà Nội Viện Khoa học Giáo dục
विषय:
Tai
टैग : टैग जोड़ें
कोई टैग नहीं, इस रिकॉर्ड को टैग करने वाले पहले व्यक्ति बनें!
Thư viện lưu trữ: Trung tâm Học liệu Lê Vũ Hùng, Trường Đại học Đồng Tháp
LEADER 01164aam a22004098a 4500
001 00034466
005 20171026081025.0
008 160915s ||||||viesd
041 0 # |a vie 
082 1 4 |a 617.8  |b NGH200NG 
245 1 0 |a Nghe ngay nghe hay  |c Norberto Martinez, Ronald Brouillette, Trần Tố Dzung, Võ Quang Phúc  |b Cuốn sách hướng dẫn cách chăm sóc tai và bảo vệ sức nghe của tai 
260 # # |a Hà Nội  |b Viện Khoa học Giáo dục 
300 # # |a 59 tr.  |c 19 cm. 
653 # # |a Bảo vệ 
653 # # |a Tai 
653 # # |a Sức khỏe 
653 # # |a Chăm sóc 
700 1 # |a Brouillette, Ronald 
700 1 # |a Martinez, Norberto 
700 1 # |a Trần, Tố Dzung 
700 1 # |a Võ, Quang Phúc 
852 # # |j KD.0017494  |j KM.0018478 
852 # # |b Kho đọc  |j KD.0017494 
852 # # |b Kho mượn  |j KM.0018478 
910 |d 15/09/2016 
980 # # |a Trung tâm Học liệu Lê Vũ Hùng, Trường Đại học Đồng Tháp